01636nam a2200409 a 4500001001000000003000900010005001700019007001000036008004100046020002900087020001500116040002200131082001500153245007200168260003900240300002800279490005300307500002200360500008400382505006600466650002100532700002300553700002300576830005300599910003700652930002100689942001200710945003800722952011600760952012100876952012100997956001801118956001801136956001801154956003901172999001501211000036038DO-SdBNP20171110123811.0000036038111124s2001 sp a 001 0 spa d a848236023x (colección) a8482360310 aBPMSUbspacBPMSU 4a750bT255d00aTécnicas básicas de dibujo / ceditor Rachel Wolf, Greg Albert. aBarcelona :bIdea Books,c[1996?]. a121 p. :bil. ;c30 cm.1 aCurso básico de técnicas de dibujo y pintura aIncluye índice. aCurso básico de técnicas de dibujo y pintura (título tomado del estuche )0 gTécnicas básicas de dibujo --rGreg Albert,rRachel Wolf. 4aDIBUJOxTÉNICA12aAlbert, Greg,eed.12aWolf, Rachel,eed. 0aCurso básico de técnicas de dibujo y pintura aValidado. Control de calidad MFF 1l m 8 f p g  2ddccBK aInvetariado extranjerov / 2017 VM 00102ddc40708CGaBPMETbBPMETd2015-09-29eCompral0o750 T255dpBPMSU15090203r2015-09-29w2015-09-29yBK 00102ddc40708CGaBPMETbBPMETd2016-09-05eCompral0o750 T255dpBPMSU16090096r2016-09-05te. 2w2016-09-05yBK 00102ddc40708CGaBPMETbBPMETd2016-09-05eCompral0o750 T255dpBPMSU16090115r2016-09-05te. 3w2016-09-05yBK a b c l h  a b c l h  a b c l h  aVMATEOb10c20150929lBPMSUh00151 c8302d8302